| 000 | 00417pab a2200169 454500 | ||
|---|---|---|---|
| 008 | 180718b2012 xxu||||| |||| 00| 0 eng d | ||
| 100 | _aKhedkar, Mohan | ||
| 245 | _aStrategies for improving quality of higher education | ||
| 260 | _c2012 | ||
| 300 | _ap.15-17. | ||
| 362 | _a22 Oct | ||
| 650 | _aHigher education | ||
| 650 | _aEducational quality | ||
| 773 | _aUniversity News | ||
| 908 | _aN | ||
| 909 | _a97822 | ||
| 999 |
_c97821 _d97821 |
||